000 00607nam a22001937a 4500
005 20251108173248.0
008 250721s2006 xx 000 0 ara d
082 1 4 _a519.50285/ صبر
100 1 _aصبري، عزام
245 1 0 _aأساسيات في النظام الإحصائي الشامل spss /
264 1 _aعمان :
_bجدارا للكتاب العالمي للنشرو التوزيع،
_c2006.
300 _a383ص.
650 1 7 _aالإحصاء
650 1 7 _aالبرامج
650 1 7 _aالحواسيب
650 1 7 _aالإحصاء الوصفي
942 _2ddc
_cBK
999 _c99815
_d99815